[Event "47. Miedzynarodowy Festiwal Szachowy im."]
[Site "Polanica Zdroj"]
[Date "2011.??.??"]
[Round "4.4"]
[White "Widera, Jan"]
[Black "Winiarski, Kazimierz"]
[Result "1-0"]
[WhiteElo "2045"]
[BlackElo "1967"]
[PlyCount "147"]
[EventDate "2011.??.??"]

1. e4 e6 2. d4 d5 3. Nc3 dxe4 4. Nxe4 Nd7 5. Nf3 Ngf6 6. Nxf6+ Nxf6 7. Bg5 Be7
8. Bd3 O-O 9. Qd2 b6 10. Bxf6 Bxf6 11. Be4 Rb8 12. Qd3 g6 13. O-O-O Bg7 14. h4
Qd6 15. Qe3 Ba6 16. h5 f5 17. Bd3 f4 18. Qe2 Bxd3 19. Qxd3 Rf5 20. hxg6 h6 21.
Rhe1 b5 22. Qb3 Rd5 23. c4 Qc6 24. Kb1 Qxc4 25. Rxe6 Qxb3 26. axb3 c5 27. Kc2
Rc8 28. Re4 cxd4+ 29. Kd3 Rd6 30. Rxf4 Rxg6 31. g3 Rf6 32. Rxf6 Bxf6 33. Ra1
Rc7 34. Ra6 Kf7 35. Nd2 Bg7 36. Ne4 Rc1 37. Rxa7+ Kg6 38. Rb7 Rb1 39. Kc2 Re1
40. Kd3 Rb1 41. Kc2 Re1 42. Kd3 Rb1 43. Rxb5 Rxb2 44. g4 Rb1 45. Rb6+ Kh7 46.
Nf6+ Bxf6 47. Rxf6 Rxb3+ 48. Ke4 d3 49. Rd6 Rb4+ 50. Kf3 Rb3 51. Ke3 d2+ 52.
Kxd2 Rf3 53. Ke2 Rf4 54. f3 Kg7 55. Kf2 Ra4 56. Kg3 Rb4 57. Rd5 Ra4 58. Rf5 Rb4
59. Kh4 Rb1 60. Ra5 Rh1+ 61. Kg3 Rb1 62. f4 Rb3+ 63. Kh4 Rb1 64. Ra7+ Kf6 65.
Ra6+ Kg7 66. f5 Rb3 67. Rg6+ Kh7 68. Re6 Rf3 69. Re7+ Kg8 70. Kh5 Rg3 71. Ra7
Kf8 72. Ra6 Kg7 73. Rg6+ Kf7 74. Rxh6 1-0

[Event "47. Miedzynarodowy Festiwal Szachowy im."]
[Site "Polanica Zdroj"]
[Date "2011.??.??"]
[Round "4.5"]
[White "Przybyl, Jozef"]
[Black "Santura, Janusz"]
[Result "0-1"]
[WhiteElo "1941"]
[BlackElo "1856"]
[PlyCount "82"]
[EventDate "2011.??.??"]

1. e4 c6 2. d4 d5 3. e5 Bf5 4. h4 Qb6 5. c3 e6 6. Nd2 h6 7. a4 c5 8. a5 Qc7 9.
Ndf3 cxd4 10. Qxd4 a6 11. Be3 Nd7 12. Qa4 Ne7 13. Ne2 Nc6 14. Bd4 Nc5 15. Bxc5
Bxc5 16. Ned4 Bh7 17. Be2 O-O 18. Nxc6 bxc6 19. O-O Be7 20. Rfe1 c5 21. g3 Rfb8
22. b3 Bc2 23. Bd1 Be4 24. Ra2 Ra7 25. Rb2 c4 26. Nd4 Rab7 27. b4 Qxe5 28. f4
Qf6 29. Ne2 Qg6 30. Bc2 Bxh4 31. Bxe4 dxe4 32. Kh2 Bf6 33. Qd1 Rb5 34. Nd4 Rh5+
35. Kg2 Rd8 36. Rd2 Rhd5 37. Re3 e5 38. f5 Qg5 39. Rxe4 exd4 40. cxd4 Qxf5 41.
Rf4 Qd7 0-1

[Event "47. Miedzynarodowy Festiwal Szachowy im."]
[Site "Polanica Zdroj"]
[Date "2011.??.??"]
[Round "4.6"]
[White "Budrewicz, Henryk"]
[Black "Pojedziniec, Wladyslaw"]
[Result "1/2-1/2"]
[WhiteElo "1607"]
[BlackElo "2168"]
[PlyCount "47"]
[EventDate "2011.??.??"]

1. d4 Nf6 2. Nf3 g6 3. e3 Bg7 4. Bd3 O-O 5. O-O d6 6. b3 c6 7. Bb2 Qc7 8. c4
Bg4 9. Nbd2 Nbd7 10. h3 Bxf3 11. Qxf3 e5 12. d5 c5 13. g4 h6 14. h4 Rae8 15.
Qg2 Qd8 16. e4 Nh7 17. Nf3 Ndf6 18. Nh2 Qe7 19. Bc1 Nd7 20. Qg3 Kh8 21. Nf3 f5
22. g5 f4 23. Qg4 a6 24. Bd2 1/2-1/2

[Event "47. Miedzynarodowy Festiwal Szachowy im."]
[Site "Polanica Zdroj"]
[Date "2011.??.??"]
[Round "4.9"]
[White "Czech, Mieczyslaw"]
[Black "Niecko, Stanislaw"]
[Result "1/2-1/2"]
[WhiteElo "1967"]
[BlackElo "1856"]
[PlyCount "92"]
[EventDate "2011.??.??"]

1. d4 Nf6 2. c4 c5 3. d5 e6 4. Nc3 exd5 5. cxd5 d6 6. g3 g6 7. Bg2 Bg7 8. Nf3
O-O 9. O-O Re8 10. Re1 a6 11. a4 Bg4 12. Nd2 Qe7 13. h3 Bc8 14. Nc4 Nbd7 15.
Bf4 Ne5 16. Nxe5 dxe5 17. Bg5 h6 18. d6 Qd8 19. Be3 Qa5 20. Qd2 Kh7 21. Red1 e4
22. Qc2 Qb4 23. Na2 Qa5 24. Qxc5 Qxa4 25. Nc3 Qb3 26. Rd2 Bd7 27. Qb6 Qxb6 28.
Bxb6 Bc6 29. Rad1 Nd7 30. Be3 f5 31. Bd4 Bxd4 32. Rxd4 Re5 33. e3 Kg7 34. Bf1
b5 35. Be2 Rb8 36. b4 Kf7 37. R1d2 Ke6 38. Bd1 Nb6 39. Bb3+ Kd7 40. Kf1 Bb7 41.
Bf7 Rc8 42. Ne2 g5 43. g4 fxg4 44. hxg4 Nc4 45. Bxc4 Rxc4 46. Rxc4 bxc4 1/2-1/2

[Event "47. Miedzynarodowy Festiwal Szachowy im."]
[Site "Polanica Zdroj"]
[Date "2011.??.??"]
[Round "4.10"]
[White "Skladzien, Romuald"]
[Black "Wilczewski, Piotr"]
[Result "1/2-1/2"]
[WhiteElo "1865"]
[BlackElo "1908"]
[PlyCount "93"]
[EventDate "2011.??.??"]

1. d4 d5 2. c4 c6 3. Nc3 dxc4 4. a4 Bd7 5. e4 b5 6. d5 cxd5 7. Nxd5 e6 8. Ne3
a6 9. axb5 Bxb5 10. Qxd8+ Kxd8 11. Bd2 Nf6 12. f3 Bc5 13. Bxc4 Bxc4 14. Nxc4
Nc6 15. O-O-O Ke7 16. Ne2 Rhd8 17. Bc3 Rxd1+ 18. Rxd1 Rd8 19. Rxd8 Nxd8 20. Nd4
Nd7 21. Nb3 f6 22. Nxc5 Nxc5 23. Kc2 Nc6 24. Na5 Kd7 25. g4 Nxa5 26. Bxa5 Kc6
27. Bd2 g6 28. Kc3 Na4+ 29. Kc2 f5 30. gxf5 exf5 31. exf5 gxf5 32. Be3 Kd5 33.
b3 Nc5 34. Bxc5 Kxc5 35. Kc3 a5 36. f4 Kb5 37. Kc2 Kb4 38. Kb2 h6 39. h3 Kb5
40. Kc2 Kc5 41. Kc3 h5 42. h4 Kb5 43. Kc2 Kb4 44. Kb2 Kb5 45. Kc2 Kc6 46. Kd2
Kd6 47. Kc2 1/2-1/2

[Event "47. Miedzynarodowy Festiwal Szachowy im."]
[Site "Polanica Zdroj"]
[Date "2011.??.??"]
[Round "4.11"]
[White "Olszewski, Jerzy"]
[Black "Janocha, Jan"]
[Result "0-1"]
[WhiteElo "1885"]
[BlackElo "1781"]
[PlyCount "108"]
[EventDate "2011.??.??"]

1. e4 c5 2. Nc3 Nc6 3. g3 g6 4. Bg2 Bg7 5. Nge2 e5 6. Nd5 Nge7 7. Nec3 d6 8.
O-O O-O 9. d3 a6 10. Be3 b5 11. Qd2 b4 12. Nxe7+ Nxe7 13. Ne2 Rb8 14. Bh6 Nc6
15. Bxg7 Kxg7 16. f4 Bd7 17. h3 Ne7 18. Rf2 f6 19. b3 a5 20. a3 Qc8 21. Kh2 h5
22. axb4 axb4 23. Rff1 Ra8 24. Qc1 Bc6 25. Qb2 Qb7 26. Rxa8 Rxa8 27. Ra1 Ra6
28. Bf3 Qa7 29. Rxa6 Qxa6 30. Kg2 Bd7 31. Kf2 Bxh3 32. f5 gxf5 33. exf5 Bxf5
34. Bxh5 Qa3 35. Qb1 Qa7 36. Bf3 Nd5 37. Kg2 Be6 38. Qc1 Ne7 39. Qe3 Qa2 40.
Qc1 Qa3 41. Qb1 Bd5 42. Kf2 f5 43. Bg2 Bxg2 44. Kxg2 Kf6 45. Kf2 Qa7 46. Ke1
Qa8 47. Kf2 Qh8 48. Kg2 Qh6 49. Qd1 Nd5 50. Kg1 Qg5 51. Kh1 Qg4 52. Qd2 Qf3+
53. Kh2 Ne3 54. Ng1 Nf1+ 0-1

[Event "47. Miedzynarodowy Festiwal Szachowy im."]
[Site "Polanica Zdroj"]
[Date "2011.??.??"]
[Round "4.12"]
[White "Wyczalek, Tytus"]
[Black "Dulinski, Stanislaw"]
[Result "1-0"]
[WhiteElo "1382"]
[BlackElo "1831"]
[PlyCount "161"]
[EventDate "2011.??.??"]

1. d4 Nf6 2. Nf3 d5 3. h3 c6 4. e3 h6 5. b3 Nbd7 6. Bb2 Nb6 7. Nbd2 Bf5 8. c4
e6 9. Ne5 Be7 10. c5 Nbd7 11. Nxd7 Qxd7 12. Nf3 Ne4 13. Bd3 O-O 14. O-O b5 15.
b4 a5 16. a3 a4 17. Nd2 Bh7 18. Nxe4 dxe4 19. Be2 f5 20. f3 Bg5 21. Bc1 Rad8
22. fxe4 fxe4 23. Rxf8+ Rxf8 24. Bg4 Qd5 25. Qe2 Bh4 26. Bd2 Rf2 27. Qd1 Rf8
28. Be1 Bg5 29. Qe2 g6 30. h4 Bd8 31. Bg3 h5 32. Bh3 Rf7 33. Qa2 Re7 34. Qxd5
exd5 35. Rf1 Bc7 36. Bf4 Bxf4 37. Rxf4 Kg7 38. g4 Bg8 39. gxh5 gxh5 40. Kg2 Bf7
41. Kg3 Bg6 42. Bf5 Be8 43. Bh3 Kh6 44. Rf6+ Kg7 45. Rf5 Kg6 46. Rg5+ Kh6 47.
Kf4 Kh7 48. Bf5+ Kh6 49. Rg8 Bf7 50. Rh8+ Kg7 51. Rh7+ Kg8 52. Rh6 Be8 53. Re6
Kf8 54. Rxe7 Kxe7 55. Kg5 Bf7 56. Bg6 Ke6 57. Bxf7+ Kxf7 58. Kxh5 Kf6 59. Kg4
Kg6 60. h5+ Kh6 61. Kh4 Kh7 62. Kg5 Kg7 63. h6+ Kh7 64. Kh5 Kg8 65. Kg6 Kh8 66.
Kf6 Kh7 67. Ke6 Kxh6 68. Kd6 Kg5 69. Kxc6 Kg4 70. Kxd5 Kf3 71. c6 Kxe3 72. c7
Kd3 73. c8=Q e3 74. Qh3 Kd2 75. Qg2+ Kc3 76. Qa2 Kd3 77. Kc5 Kc3 78. d5 Kd3 79.
d6 e2 80. Qxe2+ Kxe2 81. d7 1-0

[Event "47. Miedzynarodowy Festiwal Szachowy im."]
[Site "Polanica Zdroj"]
[Date "2011.??.??"]
[Round "4.13"]
[White "Solek, Zenon"]
[Black "Krawiec, Stanislaw"]
[Result "1-0"]
[WhiteElo "1883"]
[BlackElo "1662"]
[PlyCount "103"]
[EventDate "2011.??.??"]

1. e4 e6 2. d4 d5 3. Nd2 c5 4. exd5 Qxd5 5. Ngf3 Bd6 6. Bc4 Qh5 7. Ne4 Be7 8.
Ng3 Qg4 9. h3 Qg6 10. Ne5 Qf6 11. Nh5 Qh4 12. Bb5+ Nd7 13. Bxd7+ Bxd7 14. Nxg7+
Kf8 15. Nh5 Qe4+ 16. Kf1 Rd8 17. Ng3 Qxd4 18. Qh5 Bb5+ 19. Ke1 Be8 20. c3 Qh4
21. Qf3 Bf6 22. Ng4 Bc6 23. Ne4 Be7 24. Qf4 h6 25. Be3 Qh5 26. Ne5 Rd5 27. Nxc6
bxc6 28. Qb8+ Kg7 29. Qxa7 Qe5 30. Qa4 f5 31. Nd2 Bg5 32. Nf3 Qf6 33. Bxg5 hxg5
34. Ke2 Ne7 35. Rhd1 g4 36. hxg4 fxg4 37. Qxg4+ Kf7 38. Rxd5 cxd5 39. Re1 Rg8
40. Qh5+ Ng6 41. Kd2 Kg7 42. Qg4 Re8 43. Ne5 d4 44. Qxg6+ Qxg6 45. Nxg6 Kxg6
46. Re5 dxc3+ 47. Kxc3 Kf6 48. Rxc5 e5 49. Rc4 Rg8 50. g4 Kg5 51. Kd3 Rf8 52.
Ke3 1-0

[Event "47. Miedzynarodowy Festiwal Szachowy im."]
[Site "Polanica Zdroj"]
[Date "2011.??.??"]
[Round "4.14"]
[White "Salamon, Jan"]
[Black "Kwiatkowski, Zygmunt"]
[Result "1-0"]
[WhiteElo "1823"]
[BlackElo "1613"]
[PlyCount "43"]
[EventDate "2011.??.??"]

1. e4 c6 2. d4 d5 3. Nd2 dxe4 4. Nxe4 Nd7 5. Nf3 Ngf6 6. Neg5 Qa5+ 7. c3 e6 8.
Bd3 Bd6 9. O-O h6 10. Ne4 Nxe4 11. Bxe4 Qc7 12. Re1 O-O 13. Bc2 Bf4 14. Bxf4
Qxf4 15. Re4 Qc7 16. Ne5 Nf6 17. Rh4 c5 18. Qd3 Rd8 19. Qg3 cxd4 20. Rxh6 Qd6
21. Rh8+ Kxh8 22. Nxf7+ 1-0

[Event "47. Miedzynarodowy Festiwal Szachowy im."]
[Site "Polanica Zdroj"]
[Date "2011.??.??"]
[Round "4.15"]
[White "Rabeda, Grzegorz"]
[Black "Rychlik, Bogdan"]
[Result "0-1"]
[WhiteElo "1495"]
[BlackElo "1820"]
[PlyCount "66"]
[EventDate "2011.??.??"]

1. d4 d5 2. c4 e6 3. Nc3 Nf6 4. Nf3 Be7 5. Bg5 Nbd7 6. e3 O-O 7. Be2 dxc4 8.
Bxc4 a6 9. O-O b5 10. Bd3 Bb7 11. Nd2 Rc8 12. Nce4 c5 13. Qf3 Nxe4 14. Bxe4
Bxe4 15. Bxe7 Bxf3 16. Bxd8 Bxg2 17. Kxg2 Rfxd8 18. dxc5 Nxc5 19. Nf3 h6 20.
Ne5 f6 21. Ng6 Kf7 22. Nf4 e5 23. Ne2 Rd2 24. b4 Rxe2 25. bxc5 Rxc5 26. a4 b4
27. a5 b3 28. Rfb1 b2 29. Ra2 Rcc2 30. Kf3 f5 31. e4 Rxf2+ 32. Ke3 f4+ 33. Kd3
Rfd2# 0-1

[Event "47. Miedzynarodowy Festiwal Szachowy im."]
[Site "Polanica Zdroj"]
[Date "2011.??.??"]
[Round "4.16"]
[White "Feliksinski, Tadeusz"]
[Black "Jurkiewicz, Kazimierz"]
[Result "0-1"]
[WhiteElo "1786"]
[BlackElo "1477"]
[PlyCount "110"]
[EventDate "2011.??.??"]

1. e4 e5 2. Nf3 Nc6 3. Bb5 Nge7 4. Nc3 a6 5. Ba4 d6 6. h3 Be6 7. d4 exd4 8.
Nxd4 Bd7 9. O-O b5 10. Bb3 Nxd4 11. Qxd4 c5 12. Bxf7+ Kxf7 13. Qxd6 Ng6 14. Qg3
Qh4 15. Qc7 Qd8 16. Qb7 Qc8 17. Qd5+ Be6 18. Qh5 Be7 19. f4 Bc4 20. f5 Bxf1 21.
fxg6+ hxg6 22. Qf3+ Ke8 23. Qxf1 c4 24. Be3 Rf8 25. Qe2 Qe6 26. Rd1 b4 27. Nd5
Rc8 28. Bf4 Rf5 29. Nc7+ Rxc7 30. Bxc7 Bc5+ 31. Kh1 Rf2 32. Qe1 Rxc2 33. Rd5
Be7 34. Re5 Qd7 35. Ba5 Kf7 36. Bxb4 Bxb4 37. Qxb4 Rc1+ 38. Kh2 Qc7 39. Qc5 Qb8
40. Qd5+ Kf8 41. h4 Rc2 42. Kh3 Qc8+ 43. Qe6 Qd8 44. Rc5 Qd3+ 45. Kh2 Rxg2+ 46.
Kxg2 Qe2+ 47. Kg3 Qe3+ 48. Kg4 Qxc5 49. Qxa6 Qg1+ 50. Kf4 Qc1+ 51. Ke5 Qxb2+
52. Kd5 c3 53. Ke6 Kg8 54. h5 gxh5 55. Kf5 Qf2+ 0-1

[Event "47. Miedzynarodowy Festiwal Szachowy im."]
[Site "Polanica Zdroj"]
[Date "2011.??.??"]
[Round "4.17"]
[White "Peer, Eli"]
[Black "Jagiello, Adolf"]
[Result "1-0"]
[WhiteElo "1693"]
[BlackElo "1443"]
[PlyCount "46"]
[EventDate "2011.??.??"]

1. e4 e5 2. Bc4 Nf6 3. d3 d6 4. Nf3 h6 5. c3 c6 6. Qb3 Qe7 7. a4 Be6 8. Bxe6
fxe6 9. O-O b6 10. Re1 Qd7 11. d4 exd4 12. Nxd4 d5 13. exd5 Qxd5 14. Qc2 e5 15.
Qg6+ Kd8 16. Nf5 Rg8 17. c4 Qe6 18. Nc3 Nbd7 19. f4 Qe8 20. Qxe8+ Nxe8 21. fxe5
Bc5+ 22. Kh1 Bf2 23. Rf1 Nxe5 1-0

[Event "47. Miedzynarodowy Festiwal Szachowy im."]
[Site "Polanica Zdroj"]
[Date "2011.??.??"]
[Round "4.18"]
[White "Niezgoda, Boleslaw"]
[Black "Pudlo, Jerzy"]
[Result "0-1"]
[WhiteElo "1735"]
[BlackElo "1702"]
[Annotator "Doe,John"]
[PlyCount "60"]
[EventDate "2011.??.??"]

1. e4 c5 2. f4 d6 3. Nf3 Nc6 4. c3 e5 5. f5 Nf6 6. d3 h6 7. Be2 Be7 8. O-O d5
9. Nbd2 Ng4 10. Nb1 dxe4 11. dxe4 Qb6 12. c4 Nf6 13. Nc3 Qc7 14. Nd5 Nxd5 15.
cxd5 Nd4 16. Nxd4 cxd4 17. Kh1 Bd7 18. Bh5 Qd6 19. a3 g6 20. fxg6 fxg6 21. Bg4
O-O-O 22. Bd2 Rh7 23. Bb4 Qb6 24. Bxd7+ Rxd7 25. Bxe7 Rhxe7 26. Rf8+ Rd8 27.
Qg4+ Kb8 28. Rxd8+ Qxd8 29. Qxg6 Qf8 30. Qd6+ Ka8 {bialym zadzwonil telefon}
0-1

[Event "47. Miedzynarodowy Festiwal Szachowy im."]
[Site "Polanica Zdroj"]
[Date "2011.??.??"]
[Round "4.19"]
[White "Szczerbak, Stefan"]
[Black "Zielinski, Andrzej"]
[Result "1-0"]
[WhiteElo "1672"]
[BlackElo "1618"]
[Annotator "Doe,John"]
[PlyCount "45"]
[EventDate "2011.??.??"]

1. e4 e6 2. d4 g6 3. Nf3 d6 4. c4 Bg7 5. Nc3 h6 6. Be3 Ne7 7. Bd3 b6 8. O-O Bb7
9. Qc2 O-O 10. Rad1 Nbc6 11. a3 a5 12. d5 exd5 13. Nxd5 Kh7 14. b3 Bc8 15. h3
Ne5 16. Nxe5 Bxe5 17. f4 Bg7 18. f5 Nxd5 19. fxg6+ fxg6 20. exd5 Qe8 21. Bc1
Rxf1+ 22. Rxf1 Bd4+ 23. Kh2 {dalsze zapisy bledne} 1-0

[Event "47. Miedzynarodowy Festiwal Szachowy im."]
[Site "Polanica Zdroj"]
[Date "2011.??.??"]
[Round "5.1"]
[White "Santura, Janusz"]
[Black "Gralka, Julian"]
[Result "1/2-1/2"]
[WhiteElo "1856"]
[BlackElo "2282"]
[PlyCount "32"]
[EventDate "2011.??.??"]

1. d4 Nf6 2. Nf3 d5 3. Bg5 Ne4 4. Bf4 c5 5. e3 Nc6 6. c3 e6 7. Nbd2 Nxd2 8.
Qxd2 Bd6 9. Bg3 O-O 10. Bd3 Qe7 11. O-O b6 12. Qe2 Bb7 13. Ne5 f5 14. Nxc6 Bxc6
15. Bxd6 Qxd6 16. f4 a5 1/2-1/2

[Event "47. Miedzynarodowy Festiwal Szachowy im."]
[Site "Polanica Zdroj"]
[Date "2011.??.??"]
[Round "5.2"]
[White "Olejarczyk, Bogdan"]
[Black "Widera, Jan"]
[Result "1-0"]
[WhiteElo "2137"]
[BlackElo "2045"]
[PlyCount "111"]
[EventDate "2011.??.??"]

1. d4 Nf6 2. Nf3 g6 3. Bf4 Bg7 4. e3 O-O 5. h3 d6 6. Be2 c5 7. O-O Be6 8. c3
Qb6 9. Qc1 Nc6 10. Nbd2 Rac8 11. dxc5 Qxc5 12. e4 Qb6 13. Re1 Qc7 14. Bf1 Nh5
15. Bh2 h6 16. g4 Nf6 17. Nb3 Nd7 18. Qe3 Bxb3 19. axb3 Qb6 20. b4 Qxe3 21.
Rxe3 a6 22. Nd2 g5 23. b5 axb5 24. Bxb5 Ra8 25. Ree1 Nc5 26. Kf1 Rfd8 27. Ke2
Kf8 28. f3 Be5 29. Bg1 Bf4 30. Nc4 Nb3 31. Rxa8 Rxa8 32. Kd3 e6 33. Kc2 Nc5 34.
Nb6 Rd8 35. Bxc6 bxc6 36. Bxc5 dxc5 37. Rd1 Ke7 38. Rxd8 Kxd8 39. Na4 c4 40.
Nb6 Kc7 41. Nxc4 c5 42. Kd3 Kc6 43. b3 f6 44. e5 f5 45. gxf5 exf5 46. Ne3 Bxe5
47. Nxf5 h5 48. Kc4 h4 49. Ne3 Bf6 50. Ng4 Bg7 51. Nf2 Bf8 52. Ne4 Be7 53. b4
cxb4 54. cxb4 Bd8 55. b5+ Kd7 56. Kd5 1-0

[Event "47. Miedzynarodowy Festiwal Szachowy im."]
[Site "Polanica Zdroj"]
[Date "2011.??.??"]
[Round "5.3"]
[White "Drazek, Wladyslaw"]
[Black "Galicki, Ryszard"]
[Result "0-1"]
[WhiteElo "2063"]
[BlackElo "1986"]
[PlyCount "78"]
[EventDate "2011.??.??"]

1. c4 e6 2. Nf3 f5 3. Nc3 Nf6 4. d4 Bb4 5. Qb3 Nc6 6. a3 Bxc3+ 7. Qxc3 a5 8.
Bf4 d6 9. Rd1 Ne4 10. Qc2 g5 11. Bc1 g4 12. d5 gxf3 13. exf3 Nxf2 14. Kxf2 Ne5
15. Qc3 Qf6 16. dxe6 Bxe6 17. Be3 Bxc4 18. Bf4 Bxf1 19. Rhxf1 O-O-O 20. Qxa5
Nc6 21. Qa8+ Nb8 22. Rd2 Qh4+ 23. Bg3 Qh6 24. f4 d5 25. Rc1 Qb6+ 26. Kf1 Qb5+
27. Kg1 Rd6 28. Rdc2 c6 29. b4 Re8 30. Qa7 Rde6 31. Qd4 Nd7 32. Rd2 Qb6 33. Bf2
Qxd4 34. Bxd4 Re1+ 35. Rxe1 Rxe1+ 36. Kf2 Re4 37. Kf3 b6 38. g4 fxg4+ 39. Kxg4
Kc7 {zapis nieczytelny} 0-1

[Event "47. Miedzynarodowy Festiwal Szachowy im."]
[Site "Polanica Zdroj"]
[Date "2011.??.??"]
[Round "5.4"]
[White "Ossowski, Boleslaw"]
[Black "Kwiek, Janusz"]
[Result "1/2-1/2"]
[WhiteElo "1694"]
[BlackElo "1778"]
[PlyCount "58"]
[EventDate "2011.??.??"]

1. d4 Nf6 2. c4 e6 3. Nc3 d5 4. Bg5 Nbd7 5. e3 Be7 6. Nf3 O-O 7. cxd5 exd5 8.
Bd3 c5 9. dxc5 Nxc5 10. Bc2 Be6 11. O-O h6 12. Bh4 Rc8 13. Qd4 b6 14. Rac1 Ncd7
15. Rfd1 Rc4 16. Qd3 g6 17. Bg3 Bf5 18. e4 Bxe4 19. Nxe4 Rxe4 20. Nd2 Nc5 21.
Qf3 Re6 22. b4 Na6 23. a3 Nh5 24. Qd3 Nxg3 25. fxg3 Nc7 26. h4 h5 27. Bb3 Rd6
28. Rc2 Qd7 29. Rdc1 Ne6 {blad w zapisie} 1/2-1/2

[Event "47. Miedzynarodowy Festiwal Szachowy im."]
[Site "Polanica Zdroj"]
[Date "2011.??.??"]
[Round "5.6"]
[White "Winiarski, Kazimierz"]
[Black "Lada, Ireneusz"]
[Result "0-1"]
[WhiteElo "1967"]
[BlackElo "2042"]
[PlyCount "61"]
[EventDate "2011.??.??"]

1. Nf3 d6 2. d4 g6 3. e4 Bg7 4. Bc4 Nf6 5. Nc3 O-O 6. d5 c5 7. O-O Bg4 8. h3
Bd7 9. a4 Na6 10. Bxa6 bxa6 11. Qd3 Qb6 12. Bd2 Rfc8 13. Rfb1 Rab8 14. Qe2 Qb7
15. Bg5 h6 16. Be3 Kh7 17. Nd2 Rc7 18. f4 e6 19. dxe6 fxe6 20. g4 d5 21. Bf2 d4
22. Nd1 Bc6 23. e5 Nd5 24. Bg3 Rf8 25. f5 exf5 26. Nc4 f4 27. Bh4 Ne3 28. Nd6
Qa8 29. Nf2 Bxe5 30. Nc4 Bg7 31. Nd3 0-1

[Event "47. Miedzynarodowy Festiwal Szachowy im."]
[Site "Polanica Zdroj"]
[Date "2011.??.??"]
[Round "5.7"]
[White "Janocha, Jan"]
[Black "Kozicz, Andrzej"]
[Result "1-0"]
[WhiteElo "1781"]
[BlackElo "2014"]
[PlyCount "57"]
[EventDate "2011.??.??"]

1. e4 c5 2. Nf3 a6 3. c3 d5 4. exd5 Qxd5 5. d4 cxd4 6. Qxd4 Qxd4 7. Nxd4 e6 8.
Bd3 Nf6 9. O-O Bc5 10. Be3 Nbd7 11. Nd2 O-O 12. Ne4 Nxe4 13. Bxe4 Bxd4 14. Bxd4
f5 15. Bc2 e5 16. Be3 f4 17. Bd2 g5 18. f3 Kg7 19. Rae1 h5 20. c4 Kf6 21. Bc3
Re8 22. Rd1 Re6 23. Rd5 b6 24. b4 Ra7 25. Rfd1 Re7 26. Bb3 g4 27. Be1 Kg5 28.
Bf2 Nf6 29. Rd6 {zapisy nieczytelne} 1-0

[Event "47. Miedzynarodowy Festiwal Szachowy im."]
[Site "Polanica Zdroj"]
[Date "2011.??.??"]
[Round "5.8"]
[White "Czech, Mieczyslaw"]
[Black "Budrewicz, Henryk"]
[Result "1-0"]
[WhiteElo "1967"]
[BlackElo "1607"]
[PlyCount "84"]
[EventDate "2011.??.??"]

1. e4 c5 2. Nf3 Nc6 3. d4 cxd4 4. Nxd4 e5 5. Nb5 d6 6. N1c3 a6 7. Na3 b5 8. Nd5
Be7 9. c3 Nf6 10. Nxe7 Nxe7 11. Bd3 Bb7 12. Qe2 O-O 13. O-O Re8 14. Bg5 Ng6 15.
Rae1 h6 16. Bc1 d5 17. f3 Nf4 18. Bxf4 exf4 19. Qc2 Re5 20. exd5 Qe7 21. Rxe5
Qxe5 22. Qe2 Qxe2 23. Bxe2 Bxd5 24. c4 bxc4 25. Bxc4 Bxc4 26. Nxc4 Rc8 27. b3
Nd5 28. Rd1 Ne3 29. Rd4 g5 30. Kf2 Nc2 31. Rd6 Re8 32. Rxa6 Nb4 33. Rd6 Nxa2
34. Rxh6 Nc1 35. Rd6 Nxb3 36. Nd2 Nxd2 37. Rxd2 Kg7 38. h4 Kg6 39. hxg5 Kxg5
40. Rd5+ Kf6 41. Kf1 Kg6 42. Rd2 Kf6 {zapisy nieczytelne} 1-0

[Event "47. Miedzynarodowy Festiwal Szachowy im."]
[Site "Polanica Zdroj"]
[Date "2011.??.??"]
[Round "5.9"]
[White "Rychlik, Bogdan"]
[Black "Przybyl, Jozef"]
[Result "0-1"]
[WhiteElo "1820"]
[BlackElo "1941"]
[PlyCount "122"]
[EventDate "2011.??.??"]

1. e4 c5 2. Nf3 e6 3. d4 cxd4 4. Nxd4 a6 5. Nc3 Qc7 6. Be2 Nf6 7. O-O Nc6 8. a3
Bd6 9. h3 Be7 10. Kh1 O-O 11. Be3 d6 12. f4 Bd7 13. Bf3 Rac8 14. Qe1 Nxd4 15.
Bxd4 e5 16. Be3 Bc6 17. Rd1 b5 18. f5 Qb7 19. Bg5 Rfd8 20. Rf2 b4 21. axb4 Qxb4
22. b3 Bb7 23. Bd2 Qc5 24. Na4 Qc6 25. Ba5 Re8 26. Nb6 Rb8 27. Nd5 Nxd5 28.
exd5 Qd7 29. Qe4 f6 30. Be2 Bd8 31. Bxd8 Qxd8 32. Bd3 Qa5 33. b4 Qb6 34. Rff1
Bc8 35. c3 Bd7 36. Ra1 Ra8 37. Ra5 Bc8 38. Rfa1 Bb7 39. Kh2 Rec8 40. b5 axb5
41. Rxb5 Qc7 42. Rxa8 Bxa8 43. Qb4 h6 44. c4 Qe7 45. Rb6 e4 46. Be2 Rd8 47. Qb2
e3 48. Kh1 Kh7 49. Qd4 Bb7 50. Rb5 Re8 51. Qg4 Bc8 52. Rb6 Rd8 53. Rb3 Qe5 54.
Qg6+ Kg8 55. Rb8 Rf8 56. Kg1 Bxf5 57. Rxf8+ Kxf8 58. Qh5 Qf4 59. Bg4 Qf2+ 60.
Kh1 Be4 61. Bf3 Bxf3 0-1

[Event "47. Miedzynarodowy Festiwal Szachowy im."]
[Site "Polanica Zdroj"]
[Date "2011.??.??"]
[Round "5.10"]
[White "Wilczewski, Piotr"]
[Black "Salamon, Jan"]
[Result "1/2-1/2"]
[WhiteElo "1908"]
[BlackElo "1823"]
[PlyCount "67"]
[EventDate "2011.??.??"]

1. b4 e6 2. Bb2 d5 3. d3 Nf6 4. b5 a6 5. a4 axb5 6. axb5 Rxa1 7. Bxa1 c6 8.
bxc6 bxc6 9. Nf3 Nbd7 10. Nbd2 Be7 11. e3 O-O 12. Be2 Qc7 13. O-O c5 14. c4 Bb7
15. Qc2 Rc8 16. Rb1 Bd6 17. h3 Bc6 18. Bc3 e5 19. cxd5 Bxd5 20. e4 Ba8 21. Nc4
Re8 22. Qb2 h6 23. Bd1 Nh7 24. Ba4 Rb8 25. Qc2 Rxb1+ 26. Qxb1 Nhf8 27. Qb5 f6
28. Nh4 Qb8 29. Nf5 Qxb5 30. Bxb5 Bc7 31. Nce3 Kh7 32. Ne7 g6 33. N3d5 Bd6 34.
Bc6 1/2-1/2

[Event "47. Miedzynarodowy Festiwal Szachowy im."]
[Site "Polanica Zdroj"]
[Date "2011.??.??"]
[Round "5.11"]
[White "Korycki, Jozef"]
[Black "Solek, Zenon"]
[Result "0-1"]
[WhiteElo "1672"]
[BlackElo "1883"]
[PlyCount "44"]
[EventDate "2011.??.??"]

1. e4 c5 2. Nf3 e6 3. d4 cxd4 4. Nxd4 a6 5. Nc3 Qc7 6. Be3 Nf6 7. Bd3 Bb4 8.
Bd2 Bd6 9. h3 b5 10. a3 Bb7 11. O-O O-O 12. Re1 Be5 13. Nf3 d6 14. Nxe5 dxe5
15. Qf3 Nc6 16. Bg5 Nd4 17. Qg3 Nh5 18. Qh4 g6 19. Re3 f6 20. Bh6 Rf7 21. g4
Nf4 22. Bxf4 exf4 0-1

[Event "47. Miedzynarodowy Festiwal Szachowy im."]
[Site "Polanica Zdroj"]
[Date "2011.??.??"]
[Round "5.12"]
[White "Jurkiewicz, Kazimierz"]
[Black "Skladzien, Romuald"]
[Result "0-1"]
[WhiteElo "1477"]
[BlackElo "1865"]
[PlyCount "136"]
[EventDate "2011.??.??"]

1. d4 f5 2. Nf3 Nf6 3. Bf4 g6 4. h3 Bg7 5. e3 b6 6. Nbd2 Bb7 7. Bd3 O-O 8. O-O
e6 9. Rc1 d6 10. c3 Nc6 11. Rc2 h6 12. Qe2 Qe7 13. Ba6 Nd8 14. Bxb7 Nxb7 15.
Rfc1 Nd5 16. Bh2 Kh7 17. e4 Nf6 18. e5 Nd5 19. c4 Nb4 20. b3 Nxc2 21. Rxc2 Rad8
22. exd6 cxd6 23. d5 e5 24. Nd4 Ra8 25. Nc6 Qc7 26. Nb4 a5 27. Nd3 Rae8 28. f3
Re7 29. Qf2 e4 30. Nf4 e3 31. Qg3 g5 32. Ne6 exd2 33. Nxf8+ Bxf8 34. Rxd2 Qc5+
35. Kh1 f4 36. Qf2 Qxf2 37. Rxf2 Re1+ 38. Bg1 Bg7 39. Rd2 Nc5 40. Kh2 Bc3 41.
Rc2 Be5 42. Rd2 Rb1 43. Bf2 Rb2 44. Rxb2 Bxb2 45. g3 fxg3+ 46. Kxg3 Kg6 47. Kg4
h5+ 48. Kg3 Kf5 49. Be3 Ba3 50. Bd4 Nd7 51. Be3 Bc5 52. Bd2 Ne5 53. Bc1 h4+ 54.
Kg2 Nd3 55. Bd2 Nb4 56. a3 Nc2 57. a4 Nd4 58. Bc3 Nxb3 59. Be1 Bd4 60. Kf1 Nc5
61. Bd2 Nxa4 62. Ke2 Nc5 63. Kd1 Nd3 64. Ke2 Nb2 65. Bc1 Be5 66. Kf1 Nxc4 67.
Ke2 b5 68. Kd3 Bf4 0-1

[Event "47. Miedzynarodowy Festiwal Szachowy im."]
[Site "Polanica Zdroj"]
[Date "2011.??.??"]
[Round "5.13"]
[White "Niecko, Stanislaw"]
[Black "Peer, Eli"]
[Result "1-0"]
[WhiteElo "1856"]
[BlackElo "1693"]
[PlyCount "45"]
[EventDate "2011.??.??"]

1. e4 c5 2. Nf3 Nc6 3. d4 cxd4 4. Nxd4 Nf6 5. Nc3 e5 6. Ndb5 a6 7. Nd6+ Bxd6 8.
Qxd6 Qe7 9. Qd1 b5 10. Bg5 Qb4 11. Bxf6 gxf6 12. Qd2 Ne7 13. O-O-O d5 14. Nxd5
Qxd2+ 15. Rxd2 Nxd5 16. exd5 Bf5 17. Bd3 Bxd3 18. Rxd3 Rd8 19. d6 Kd7 20. Rhd1
Ke6 21. d7 Rhe8 22. Rd6+ Ke7 23. Rxa6 1-0